<?xml version="1.0" encoding="UTF-8"?>
<record
    xmlns:xsi="http://www.w3.org/2001/XMLSchema-instance"
    xsi:schemaLocation="http://www.loc.gov/MARC21/slim http://www.loc.gov/standards/marcxml/schema/MARC21slim.xsd"
    xmlns="http://www.loc.gov/MARC21/slim">

  <leader>00716cam a2200217 a 4500</leader>
  <controlfield tag="001">4994310</controlfield>
  <controlfield tag="005">20260422172605.0</controlfield>
  <controlfield tag="008">990610s2000    maua     b    001 0 eng  </controlfield>
  <datafield tag="020" ind1=" " ind2=" ">
    <subfield code="a">0631205926</subfield>
    <subfield code="q">pbk. : acid-free paper</subfield>
  </datafield>
  <datafield tag="020" ind1=" " ind2=" ">
    <subfield code="a">0631205918</subfield>
    <subfield code="q">acid-free paper</subfield>
  </datafield>
  <datafield tag="020" ind1=" " ind2=" ">
    <subfield code="a">9780631205920</subfield>
    <subfield code="q">(pbk. : acid-free paper)</subfield>
  </datafield>
  <datafield tag="020" ind1=" " ind2=" ">
    <subfield code="a">9780631205913</subfield>
    <subfield code="q">(acid-free paper)</subfield>
  </datafield>
  <datafield tag="050" ind1="0" ind2="0">
    <subfield code="a">P118.2 </subfield>
    <subfield code="b">.S425 2000</subfield>
  </datafield>
  <datafield tag="082" ind1="0" ind2="0">
    <subfield code="a">401/.93</subfield>
    <subfield code="2">21</subfield>
  </datafield>
  <datafield tag="245" ind1="0" ind2="0">
    <subfield code="a">Second language acquisition and linguistic theory /</subfield>
    <subfield code="c">edited by John Archibald.</subfield>
  </datafield>
  <datafield tag="260" ind1=" " ind2=" ">
    <subfield code="a">Malden, Mass. :</subfield>
    <subfield code="b">Blackwell,</subfield>
    <subfield code="c">2000.</subfield>
  </datafield>
  <datafield tag="300" ind1=" " ind2=" ">
    <subfield code="a">vii, 256 p. :</subfield>
    <subfield code="b">ill. ;</subfield>
    <subfield code="c">25 cm.</subfield>
  </datafield>
  <datafield tag="650" ind1=" " ind2="0">
    <subfield code="a">Second language acquisition.</subfield>
  </datafield>
  <datafield tag="700" ind1="1" ind2=" ">
    <subfield code="a">Archibald, John.</subfield>
  </datafield>
  <datafield tag="942" ind1=" " ind2=" ">
    <subfield code="2">lcc</subfield>
    <subfield code="c">BK</subfield>
    <subfield code="n">0</subfield>
  </datafield>
  <datafield tag="999" ind1=" " ind2=" ">
    <subfield code="c">9543</subfield>
    <subfield code="d">9543</subfield>
  </datafield>
  <datafield tag="952" ind1=" " ind2=" ">
    <subfield code="0">0</subfield>
    <subfield code="1">0</subfield>
    <subfield code="2">lcc</subfield>
    <subfield code="4">0</subfield>
    <subfield code="7">0</subfield>
    <subfield code="8">NFIC</subfield>
    <subfield code="a">MBL</subfield>
    <subfield code="b">MBL</subfield>
    <subfield code="c">GEN</subfield>
    <subfield code="d">2026-04-22</subfield>
    <subfield code="l">0</subfield>
    <subfield code="o">P118.2 .S425 2000</subfield>
    <subfield code="p">BSSM00003618</subfield>
    <subfield code="r">2026-04-22 17:26:58</subfield>
    <subfield code="t">1</subfield>
    <subfield code="w">2026-04-22</subfield>
    <subfield code="y">BK</subfield>
  </datafield>
  <datafield tag="952" ind1=" " ind2=" ">
    <subfield code="0">0</subfield>
    <subfield code="1">0</subfield>
    <subfield code="2">lcc</subfield>
    <subfield code="4">0</subfield>
    <subfield code="7">0</subfield>
    <subfield code="8">NFIC</subfield>
    <subfield code="a">MBL</subfield>
    <subfield code="b">MBL</subfield>
    <subfield code="c">GEN</subfield>
    <subfield code="d">2026-04-22</subfield>
    <subfield code="l">0</subfield>
    <subfield code="o">P118.2 .S425 2000</subfield>
    <subfield code="p">BSSM00003619</subfield>
    <subfield code="r">2026-04-22 17:26:58</subfield>
    <subfield code="t">2</subfield>
    <subfield code="w">2026-04-22</subfield>
    <subfield code="y">BK</subfield>
  </datafield>
  <datafield tag="952" ind1=" " ind2=" ">
    <subfield code="0">0</subfield>
    <subfield code="1">0</subfield>
    <subfield code="2">lcc</subfield>
    <subfield code="4">0</subfield>
    <subfield code="7">0</subfield>
    <subfield code="8">NFIC</subfield>
    <subfield code="a">MBL</subfield>
    <subfield code="b">MBL</subfield>
    <subfield code="c">GEN</subfield>
    <subfield code="d">2026-04-22</subfield>
    <subfield code="l">0</subfield>
    <subfield code="o">P118.2 .S425 2000</subfield>
    <subfield code="p">BSSM00003620</subfield>
    <subfield code="r">2026-04-22 17:26:58</subfield>
    <subfield code="t">3</subfield>
    <subfield code="w">2026-04-22</subfield>
    <subfield code="y">BK</subfield>
  </datafield>
</record>
